000 00468nam a2200205Ia 4500
008 210210b1920 xxu||||| |||| 00| 0 eng d
041 _aeng
082 _a954/187
100 _aLOVETT (V)
245 _aHistory of the Indian national movement
260 _aLondon
_bJohn Murray
_c1920
650 _athe
650 _aof
650 _anational
650 _amovement
650 _aIndian
650 _aHistory
690 _aIndian History
906 _a025946
999 _c115509
_d115509